Newcastle United Quiz - Statistics

General Stats
  • This quiz has been taken 278 times
    268 since last reset
  • The average score is 6 of 11
Answer Stats
Hint Answer % Correct
All time top scorer? Alan Shearer
98%
Which manager qualified for Europe, then just missed relegation the following year? Alan Pardew
65%
Who famously dropped Alan Shearer and Duncan Ferguson for the Tyne and Wear derby, which resulted in a loss and his sacking? Ruud Gullit
63%
When Sir Bobby Robson took over in the season 1999/00 Newcastle were bottom. Where did they finish? 11th
59%
How many draws did Newcastle get in the season 2003/04 which is the most draws in a season joint with Aston Villa? 17
58%
In 1993/4 Newcastle claimed the highest finish by a newly promoted team in the Premier League. Where did they finish? 3rd
55%
Which French attacking midfielder signed in the 2014/15 season then got loaned out the following season to Marseille due to a disappointing season and the singing of Florian Thauvin Remy Cabella
54%
Before black and white what use to be the colour of Newcastle's kits? Red and white
41%
Which player scored the final goal against West Ham in the 2014/15 season which arguably kept us up? Jonas Gutierrez
40%
Which player got booked in 3 seconds into their debut? Aleksander Mitrovic
33%
Who was our only singing in the 2014 January transfer window? Luuk de Jong
15%
No matching quizzes found
Score Distribution
Percent of People with Each Score
Percentile by Number Answered
Your Score History
You have not taken this quiz since the last reset